LEADER 01770nam0-2200505---450- 001 990000821950203316 005 20091123175743.0 010 $a88-204-7690-8 035 $a0082195 035 $aUSA010082195 035 $a(ALEPH)000082195USA01 035 $a0082195 100 $a20011221d1993----km-y0ITAy01------ba 101 $aita 102 $aIT 105 $a||||||||001yy 200 1 $aDistretti industriali e mercato unico europeo$edal paradigma della localizzazione al paradigma dell'informazione$fdi Maurizio Mistri$gpresentazione di Giacomo Becattini 210 $aMilano$cF. Angeli$dc1993 215 $a152 p.$d22 cm 225 2 $aEconomia e politica industriale$v86 300 $aIn testa al front.: Istituto Guglielmo Tagliacarne 410 0$12001$aEconomia e politica industriale$v86 606 $aIndustria$xLocalizzazione$yItalia 607 $aEuropa$xIntegrazione economica 676 $a338.60420945 700 1$aMISTRI,$bMaurizio$0106285 712 02$aIstituto Guglielmo Tagliacarne per la promozione della cultura economica 801 $aIT$bsalbc$gISBD 912 $a990000821950203316 951 $aXXX.B. Coll. 43/ 4 (COLL PEH 86)$b4028 EC$cXXX.B. Coll. 43/ 4 (COLL PEH)$d00247181 951 $a300 338.6 MIS$b6111 DISES 951 $a300 338.6 MIS$b8121 DISES 959 $aBK 969 $aECO 969 $aDISES 979 $aPATTY$b90$c20011221$lUSA01$h1117 979 $c20020403$lUSA01$h1728 979 $aPATRY$b90$c20040406$lUSA01$h1657 979 $aRSIAV3$b90$c20091123$lUSA01$h1757 979 $c20121027$lUSA01$h1545 979 $c20121027$lUSA01$h1558 979 $c20121027$lUSA01$h1610 996 $aDistretti industriali e mercato unico europeo$9196050 997 $aUNISA DEB $aUSA3395 LEADER 04279nam 22008655 450 001 9910299692703321 005 20200706071922.0 010 $a3-319-12997-X 024 7 $a10.1007/978-3-319-12997-6 035 $a(CKB)3710000000371981 035 $a(EBL)1998191 035 $a(OCoLC)904338864 035 $a(SSID)ssj0001465342 035 $a(PQKBManifestationID)11833319 035 $a(PQKBTitleCode)TC0001465342 035 $a(PQKBWorkID)11470767 035 $a(PQKB)11028519 035 $a(DE-He213)978-3-319-12997-6 035 $a(MiAaPQ)EBC1998191 035 $a(PPN)184890470 035 $a(EXLCZ)993710000000371981 100 $a20150302d2015 u| 0 101 0 $aeng 135 $aur|n|---||||| 181 $ctxt 182 $cc 183 $acr 200 10$aAdvanced Connection Systems for Architectural Glazing /$fby Roham Afghani Khoraskani 205 $a1st ed. 2015. 210 1$aCham :$cSpringer International Publishing :$cImprint: Springer,$d2015. 215 $a1 online resource (129 p.) 225 1 $aPoliMI SpringerBriefs,$x2282-2577 300 $aDescription based upon print version of record. 311 $a3-319-12996-1 320 $aIncludes bibliographical references at the end of each chapters and index. 327 $aFrom the Contents: Building envelope and mechanical compatibility with building structure -- Glass curtain wall systems and seismic behavior -- Advanced connection devices for building envelope systems -- Rotational friction connection devices: a novel approach towards friction connection devices for glazed envelope systems. 330 $aThis book presents the findings of a detailed study to explore the behavior of architectural glazing systems during and after an earthquake and to develop design proposals that will mitigate or even eliminate the damage inflicted on these systems. The seismic behavior of common types of architectural glazing systems are investigated and causes of damage to each system, identified. Furthermore, depending on the geometrical and structural characteristics, the ultimate horizontal load capacity of glass curtain wall systems is defined based on the stability of the glass components. Detailed attention is devoted to the incorporation of advanced connection devices between the structure of the building and the building envelope system in order to minimize the damage to glazed components. An innovative new connection device is introduced that results in a delicate and functional system easily incorporated into different architectural glazing systems, including those demanding maximum transparency. 410 0$aPoliMI SpringerBriefs,$x2282-2577 606 $aBuildings?Design and construction 606 $aBuilding 606 $aConstruction 606 $aEngineering, Architectural 606 $aVibration 606 $aDynamics 606 $aDynamics 606 $aCeramics 606 $aGlass 606 $aComposite materials 606 $aComposite materials 606 $aBuilding Construction and Design$3https://scigraph.springernature.com/ontologies/product-market-codes/T23012 606 $aVibration, Dynamical Systems, Control$3https://scigraph.springernature.com/ontologies/product-market-codes/T15036 606 $aCeramics, Glass, Composites, Natural Materials$3https://scigraph.springernature.com/ontologies/product-market-codes/Z18000 615 0$aBuildings?Design and construction. 615 0$aBuilding. 615 0$aConstruction. 615 0$aEngineering, Architectural. 615 0$aVibration. 615 0$aDynamics. 615 0$aDynamics. 615 0$aCeramics. 615 0$aGlass. 615 0$aComposite materials. 615 0$aComposite materials. 615 14$aBuilding Construction and Design. 615 24$aVibration, Dynamical Systems, Control. 615 24$aCeramics, Glass, Composites, Natural Materials. 676 $a721.04496 700 $aAfghani Khoraskani$b Roham$4aut$4http://id.loc.gov/vocabulary/relators/aut$0721015 801 0$bMiAaPQ 801 1$bMiAaPQ 801 2$bMiAaPQ 906 $aBOOK 912 $a9910299692703321 996 $aAdvanced Connection Systems for Architectural Glazing$91413143 997 $aUNINA